| 000 | 00424nam a2200169Ia 4500 | ||
|---|---|---|---|
| 003 | LK-CoDNM | ||
| 005 | 20240924134104.0 | ||
| 008 | 010623t xxu||||| |||| 00| 1 eng d | ||
| 040 |
_aLK-CoDNM _dLK-CoDNM _eLK-CoDNM |
||
| 041 | _aeng | ||
| 080 |
_a15 _bK24 |
||
| 100 | _aLoganathan,C. | ||
| 245 | _aDemocracy and Economic Development in Asia | ||
| 260 |
_bNaddaraja Ltd _aColombo |
||
| 300 | _bv, 23p. : 22 cm | ||
| 942 | _cBK | ||
| 999 |
_c134161 _d134161 |
||